000 00582nam a22001697a 4500
003 NUST
038 _aNusrat Nadeem
082 _a200
100 _aBatool Daniya
_9120206
245 _aA MIXED METHOD ANALYSIS: HOW DOES REDUCING HEALTH INEQUALITY CONTRIBUTES TO TRANSFORMING HEALTH SYSTEM OUTCOMES?/
_cDaniya Batool
264 _aIslamabad,
_c2023.
300 _aill:
_b88,p:
_c30,cm.
650 _aMS- Government and Public Policy
_9125323
700 _aSupervisor: Dr. Ume Laila Shah
_9120207
856 _uhttp://10.250.8.41:8080/xmlui/handle/123456789/39413
942 _2ddc
_cSC
999 _c607610
_d607610